000 01040nam a2200277 a 4500
001 BRCA_6737
005 20190320205555.0
008 211011s1900----xr-#######---#000-0#ger-#
041 _ager
044 _axr
050 4 _aPG5038
_b.H28
_c1929
245 1 0 _aDie Abenteuer des Braven Soldaten Schwejk
_bwährend des weltkrieges
_cAus dem Tschechischen übertragen von Grete Reiner Illustriert von Josef Lada
260 _aPraga
_bAdolf Synek
_c1929
300 _a2 v.
_bil.
_c21 cm.
500 _aI107
500 _aI107
505 0 _aContenido: v.1. Jaroslav Hašek, Die Abenteuer des braven Soldaten Schwejk während des weltkrieges.- v.2. Karel Vanìk, Abenteuer des braven Soldaten Schwejk während des weltkrieges.
650 1 4 _aPrimer Guerra Mundial
_y1914-1918
_916820
650 1 4 _aEjercito
_xFicción
_zChecoslovakia
_916821
700 1 _aHašek, Jaroslav
_916822
700 1 _aVanìk, Karel
_916823
700 1 _aReiner, Grete
_eTraductor
_916824
700 1 _aLada, Josef
_eIlustrador
_916825
902 _aGFM
942 _2lcc
_cB
999 _c6420
_d6420